000 00443nam a2200181Ia 4500
001 4575
005 20260306145806.0
008 260306t2018||||xx |||||||||||||| ||spa||
041 _aESP
082 _a325.1
_bK71
100 _aKoechlin, José
_eAUT
245 0 _aEl éxodo venezolano:
_bentre el exilio y la emigración
260 _c2018
300 _a367 páginas
_c24 cm.
650 _aGEN
654 _aCHU
942 _cLIB
_dJUS
_fJUS
_2ddc
_n
999 _c4575
_d4575